Abstraktné vyjadrovanie v administartívnom štýle

Bibliographic Details
Main Author: Urbančok, Milan, 1928-1981 (Author)
Format: Article
Language:Slovak
Subjects:

MARC

LEADER 00000nab a2200000 a 4500
001 vtls009175422
003 SK-MaSNL
005 20260303201640.0
008 140513c1963 xo |r|p|||||||000 b|slo
015 |a SNBRB2008/01  |2 snkbucl 
038 |a SNKBUCL 
040 |a SNKBUCL  |b slo  |c SNKBUCL  |e AACR2 
041 0 |a slo 
044 |a xo  |c SK 
080 |a 811.162.4`38  |2 2001 
080 |a 81`38:811.162.4  |2 2001 
100 1 |a Urbančok, Milan,  |d 1928-1981  |4 aut 
245 1 0 |a Abstraktné vyjadrovanie v administartívnom štýle  |c M. Urbančok 
500 |a V rubrike Odpovede na listy 
650 0 7 |a slovenčina  |2 snkbucl  |9 1350 
650 0 7 |a štylistika  |2 snkbucl  |9 870 
650 0 7 |a administratívny štýl  |2 snkbucl  |9 166933 
773 0 |t Slovenská reč  |g Roč. 28, č. 6 (1963), s. 375-376 
852 |a SNK  |b KIS3GCP 
958 |a SK 
999 |c 2175261  |d 2177191